Hadoop (Record no. 215153)
[ view plain ]
| 000 -LEADER | |
|---|---|
| fixed length control field | 00491nam a2200181Ia 4500 |
| 008 - FIXED-LENGTH DATA ELEMENTS--GENERAL INFORMATION | |
| fixed length control field | 230714s9999 xx 000 0 und d |
| 020 ## - INTERNATIONAL STANDARD BOOK NUMBER | |
| International Standard Book Number | 9790000000000 |
| 041 ## - LANGUAGE CODE | |
| Language code of text/sound track or separate title | eng |
| 082 ## - DEWEY DECIMAL CLASSIFICATION NUMBER | |
| Classification number | 005.74 |
| Item number | WHI |
| 100 ## - MAIN ENTRY--PERSONAL NAME | |
| Personal name | White T. |
| 9 (RLIN) | 175372 |
| 245 ## - TITLE STATEMENT | |
| Title | Hadoop |
| Remainder of title | The Definitive Guide |
| 250 ## - EDITION STATEMENT | |
| Edition statement | 4th ed. |
| 260 ## - PUBLICATION, DISTRIBUTION, ETC. (IMPRINT) | |
| Date of publication, distribution, etc. | 2015 |
| Name of publisher, distributor, etc. | SPD/O'Reilly |
| 300 ## - PHYSICAL DESCRIPTION | |
| Extent | 727 |
| Accompanying material [OBSOLETE, CAN/MARC] | Ref 1556 C (50715) |
| 365 ## - TRADE PRICE | |
| Currency code | Rs. |
| Price amount | 700.00 |
| 700 ## - ADDED ENTRY--PERSONAL NAME | |
| Personal name | White T. |
| 9 (RLIN) | 175372 |
| 906 ## - LOCAL DATA ELEMENT F, LDF (RLIN) | |
| d | O:0450701-Jul-2015B:185318-Jun-2015 |
| c | COMP |
| b | 5075 |
No items available.